|
|
|
|
| LEADER |
00000nas a2200000 i 4500 |
| 001 |
ssj0001637795 |
| 003 |
WaSeSS |
| 005 |
20200512172242.0 |
| 006 |
m d |
| 007 |
cr n |
| 008 |
141121c20159999pauar p s 0 a0eng |
| 010 |
|
|
|a 2014271368
|
| 015 |
|
|
|a GBB7H1787
|2 bnb
|
| 016 |
7 |
|
|a 017714003
|2 Uk
|
| 022 |
|
|
|a 2376-2004
|
| 035 |
|
|
|a (WaSeSS)ssj0001637795
|
| 037 |
|
|
|b 530 Walnut St., Suite 850, Philadelphia, PA 19106
|c free
|
| 040 |
|
|
|a DLC
|b eng
|e pn
|c DLC
|d DLC
|d PFM
|d OCLCO
|d OCLCQ
|d OCLCO
|d DLC
|d OCLCF
|d OCLCO
|d NLM
|d CASUM
|d OCLCO
|d CUS
|d DLC
|d OCLCO
|d NLE
|d OCLCA
|d DLC
|d OCLCO
|d UKMGB
|d OCLCA
|d VT2
|d WaSeSS
|
| 042 |
|
|
|a pcc
|a nsdp
|
| 050 |
0 |
0 |
|a R118
|
| 050 |
1 |
4 |
|a RA441
|
| 082 |
1 |
0 |
|a 610
|2 23
|
| 210 |
0 |
|
|a Glob. health commun.
|
| 222 |
|
0 |
|a Global health communication
|
| 245 |
0 |
0 |
|a Global health communication
|h [electronic resource].
|
| 246 |
1 |
|
|a GHC
|
| 260 |
|
|
|a Philadelphia, PA :
|b Taylor & Francis Group,
|c [2015]-
|
| 310 |
|
|
|a Annual
|
| 362 |
1 |
|
|a Began with Volume 1, Issue 1 (2015).
|
| 506 |
|
|
|a License restrictions may limit access.
|
| 516 |
|
|
|a Artices added througout the year and compiled into annual volumes.
|
| 588 |
|
|
|a Description based on: Volume 1, Issue 1 (2015); title from journal table of contents page (Taylor & Francis website, viewed April 13, 2016).
|
| 588 |
|
|
|a Latest issue consulted: Volume 2, Issue 1 (2016) (Taylor & Francis Online viewed October 25, 2018).
|
| 650 |
|
0 |
|a Communication in medicine
|v Periodicals.
|
| 650 |
|
0 |
|a World health
|v Periodicals.
|
| 650 |
|
2 |
|a Global Health.
|
| 650 |
|
7 |
|a Communication in medicine.
|2 fast
|0 (OCoLC)fst00870205
|
| 650 |
|
7 |
|a World health.
|2 fast
|0 (OCoLC)fst01181338
|
| 655 |
|
0 |
|a Electronic journals.
|
| 710 |
2 |
|
|a Taylor & Francis.
|
| 850 |
|
|
|a DLC
|
| 856 |
4 |
0 |
|z Full text available from Research Library: 01/01/2015 to 01/31/2016
|u https://search.proquest.com/publication/3933167
|